000 00408nam a2200145 4500
020 _a9780199059829
082 _a658.00968 INTR
100 _aBADENHORST, Johanna
_9130377
245 _aIntroduction to business management.
_cEntrepreneurship.
250 _a9th ed.
260 _aCape Town:
_bOxford Univ Press,
_c2013.
300 _bpbk; 538p.
942 _2ddc
999 _c630490
_d630489